Music Quiz

Random Music or Singers Quiz

Female Solo Artists by Picture Quiz Stats

 Plays Quiz Updated Oct 15, 2018

Score 0/24 Timer 06:00
3 Plays Today
% Correct
Katy Perry
95.6%
Adele
95.6%
Beyoncé
91.7%
Amy Winehouse
89%
Rihanna
86.8%
Céline Dion
84.2%
Janet Jackson
83%
Gwen Stefani
81.1%
Shakira
80%
Selena Gomez
79.4%
Whitney Houston
78.9%
Kelly Clarkson
78.3%
% Correct
Christina Aguilera
77.1%
Avril Lavigne
73.7%
Barbra Streisand
69.5%
Sinéad O'Connor
67.7%
Sheryl Crow
62.7%
Diana Ross
59.9%
Mary J. Blige
53%
Liza Minnelli
52.5%
Faith Hill
49.2%
Kylie Minogue
47.5%
Dionne Warwick
31.5%
Carole King
27.3%

You're not logged in!

Compare scores with friends on all Sporcle quizzes.
OR
Log In

You Might Also Like...

Show Comments

Extras

Top Quizzes Today


Score Distribution

Your Account Isn't Verified!

In order to create a playlist on Sporcle, you need to verify the email address you used during registration. Go to your Sporcle Settings to finish the process.

Report this User

Report this user for behavior that violates our Community Guidelines.

Details: